Loading...
| History - World | 0 | 6 | 0 | 0 | 60 | 25 | 50.67 | 0 | 2 | 0.00 | 0.00 |
| Literature - European | 0 | 4 | 0 | 0 | 40 | 87 | 99.75 | 0 | 1 | 0.00 | 0.00 |
| Mythology | 0 | 4 | 0 | 0 | 40 | 59 | 61.75 | 0 | 3 | 0.00 | 0.00 |
| History - American | 0 | 3 | 0 | 0 | 30 | 38 | 55.67 | 2 | 3 | 0.00 | 0.00 |
| History - European | 0 | 3 | 0 | 0 | 30 | 41 | 58.00 | 1 | 2 | 0.00 | 0.00 |
| Literature - British | 0 | 3 | 0 | 1 | 30 | 61 | 83.67 | 0 | 0 | 0.00 | 0.00 |
| History - Other | 0 | 3 | 1 | 0 | 25 | 75 | 80.00 | 0 | 0 | 0.00 | 0.00 |
| Science - Other | 0 | 3 | 1 | 0 | 25 | 37 | 55.33 | 0 | 2 | 0.00 | 0.00 |
| Social Science | 0 | 2 | 0 | 0 | 20 | 41 | 56.00 | 1 | 2 | 0.00 | 0.00 |
| Fine Arts - Other | 0 | 2 | 0 | 0 | 20 | 84 | 90.00 | 1 | 1 | 0.00 | 0.00 |
| Literature - American | 0 | 2 | 0 | 0 | 20 | 76 | 86.00 | 0 | 0 | 0.00 | 0.00 |
| Science - Chemistry | 0 | 2 | 0 | 0 | 20 | 53 | 72.00 | 0 | 1 | 0.00 | 0.00 |
| Current Events | 0 | 2 | 0 | 0 | 20 | 32 | 41.00 | 1 | 2 | 0.00 | 0.00 |
| Popular Culture | 0 | 1 | 0 | 0 | 10 | 60 | 60.00 | 0 | 0 | 0.00 | 0.00 |
| Religion | 0 | 1 | 0 | 0 | 10 | 76 | 76.00 | 0 | 0 | 0.00 | 0.00 |
| Science - Physics | 0 | 1 | 0 | 0 | 10 | 65 | 65.00 | 0 | 1 | 0.00 | 0.00 |
| Geography | 0 | 1 | 0 | 0 | 10 | 80 | 80.00 | 0 | 0 | 0.00 | 0.00 |
| Fine Arts - Classical Music | 0 | 0 | 1 | 0 | -5 | 0.00 | 0 | 0 | 0.00 | 0.00 | |
| Fine Arts - Painting and Sculpture | 0 | 0 | 1 | 0 | -5 | 0.00 | 0 | 0 | 0.00 | 0.00 |